Les Simpson - Vrai ou Faux (8) - Statistiques

Statistiques générales
  • Ce quiz a été pris 90 fois
  • Le résultat moyen est 10 sur 20
Statistiques - réponses
Question Réponse % Correct
Homer est devenu chauve à cause des radiations de la centrale Faux
100%
Homer a fait don d'un de ses poumons à son père Faux
88%
Lisa devient végétarienne avant de devenir bouddhiste Vrai
88%
Moe est présent depuis le tout premier épisode de la série Vrai
75%
Matt Groening, le créateur des Simpson, n'a jamais fait de caméo dans la série Faux
63%
Barney a déjà fait des dons de sperme Vrai
63%
Mr Burns est millionnaire Faux
50%
Le premier mot de Lisa a été "papa" Faux
50%
La couleur préférée de Lisa est le vert Faux
50%
Patty a des boucles d'oreilles en forme de triangle tandis que Selma en a en forme de rond Vrai
50%
La mère de Seymour et la mère de Ned ont le même prénom Vrai
50%
Burns a fondé sa propre université pour former de nouveaux employés pour sa centrale Vrai
50%
La femme de Jasper s’appelait Estelle Vrai
50%
Le chef de la secte des Mouvementariens se fait appeler "le Leader" Faux
38%
Bart est gaucher Vrai
38%
Patty est plus âgée que Selma Vrai
38%
Patty et Selma ont essayé d'arrêter de fumer après avoir appris que leur tante était décédée d'un cancer des poumons Faux
25%
Homer est devenu garde du corps du maire car ses anciens gardes du corps se sont faits tuer par Gros Tony Faux
25%
Lorsqu'Homer invente des objets, sa première invention est une chaise à six pieds pour ne pas tomber en se basculant Faux
25%
La grand-mère de Milhouse vivant en Italie se nomme Nina Faux
13%
Aucun quiz correspondant
Distribution des résultats
% des personnes avec chaque résultat
Percentile par nombre de réponses
Votre historique - résultats
Vous n’avez pas pris ce quiz